000 00753nam a2200217Ii 4500
003 JO-AjNU
008 230605s9999||||xx |||||||||||||| ||und||
017 _a2009/9/3943
040 _aJO-AjNU
_bara
_erda
_cJO-AjNU
041 _aara
050 1 4 _aHF5655 .A7.K33 2010
100 3 _aكحالة،جبرائيل /م.مشارك: عماد يوسف الشيخ,
_eauthor
_929532
245 0 0 _aمبادئ المحاسبة، ج1
250 _aط1
264 3 1 _aعمان، الشارقة: اثراء للنشر والتوزيع،مكتبة الجامعة، 2010
300 _aج1، 395ص
336 _atext
_btxt
_2rdacontent
337 _aunmediated
_bn
_2rdamedia
338 _avolume
_bnc
_2rdacarrier
650 4 _aالمحاسبة المالية
_929533
999 _aA11595
_c15163
_d15163